Statistics for Countries that produce the most wine with exceptions

Click here to take the quiz!

General Stats

  • This quiz has been taken 33 times
  • The average score is 12 of 15

Answer Stats

Metric TonsAnswer% Correct
1,922 KChina
100%
1,452 KArgentina
97%
1,289 KChile
97%
950 KSouth Africa
97%
2,384 KUSA
97%
1,285 KAustralia
93%
70 KCanada
93%
301 KNew Zealand
93%
79 KPeru
93%
80 KJapan
90%
390 KBrazil
87%
75 KUruguay
70%
114 KGeorgia
47%
47 KKazakhstan
47%
54 KAlgeria
40%

Score Distribution

Percentile by Number Answered

Percent of People with Each Score

Your Score History

You have not taken this quiz